Obálka Náhled e-knihy:
Epub
Pro půjčování e-knih musíte být přihlášeni.
Jak si půjčit online?

Nezapomeň na mě /

Milostná romance americké autorky. Sblíží příprava cizí svatby dvě zklamaná srdce?

Uloženo v:
Hlavní autor: Soto, Julie, 1988- (Autor)
Další autoři: Lüdtke Farnesi, Magdaléna, 1984- (Autor)
Médium: E-kniha
Jazyk:Czech
Vydáno: Praha : Ikar, 2024
Vydání:Vydání první
Témata:
Tagy:
Žádné tagy
LEADER 02474nam a2200481 i 4500
001 312460
003 CZ PrSKC
005 20260601215723.0
007 ta
008 240813s2024 xr g 000 f cze
015 |a cnb003602760 
020 |a 9788024954578  |q (brožováno) 
035 |a (OCoLC)1459786601 
040 |a ABG001  |b cze  |e rda 
041 1 |a cze  |h eng 
072 7 |a 821.111(73)-3  |x Americká próza  |2 Konspekt 
080 |a 821.111(73)-31  |2 MRF 
080 |a (0:82-312.5)  |2 MRF 
080 |a (0:82-31)-055.2  |2 MRF 
100 1 |a Soto, Julie,  |d 1988-  |7 xx0321371  |4 aut 
240 1 0 |a Forget me not.  |l Česky 
245 1 0 |a Nezapomeň na mě /  |c Julie Soto ; přeložila Magdaléna Stárková 
250 |a Vydání první 
264 1 |a Praha :  |b Ikar,  |c 2024 
300 |a 325 stran ;  |c 20 cm 
336 |a text  |b txt  |2 rdacontent 
337 |a bez média  |b n  |2 rdamedia 
338 |a svazek  |b nc  |2 rdacarrier 
500 |a Přeloženo z angličtiny 
520 2 |a Milostná romance americké autorky. Sblíží příprava cizí svatby dvě zklamaná srdce?  |b Svatební den by měl být dokonalý a Ama Toressová se o to moc ráda postará. Sama sice svatby skvěle koordinuje, nicméně na manželství nevěří. Její matka už totiž byla vdaná šestnáctkrát! Zádumčivý Elliot Bloom své květinářství zezačátku nijak zvlášť nemusel. Pak se ale na jeho prahu objevila jistá workoholička se slabostí pro koblihy. Elliot a Ama mají společnou minulost, která neskončila zrovna ideálně. Když je však oba najmou na přípravu svatby s celostátní publicitou, musí znovu spojit své síly. Jak tohle asi dopadne? Nakladatelská anotace. 
655 7 |a americké romány  |7 fd131796  |2 czenas 
655 7 |a milostné romány  |7 fd132840  |2 czenas 
655 7 |a romány pro ženy  |7 fd187897  |2 czenas 
655 9 |a American fiction  |2 eczenas 
655 9 |a love novels  |2 eczenas 
655 9 |a women's novels  |2 eczenas 
700 1 |a Lüdtke Farnesi, Magdaléna,  |d 1984-  |7 xx0149406  |4 trl 
900 |a ABA001  |b 20 
928 9 |a Euromedia Group - Ikar 
044 |a xr 
910 |a RBIT002 
998 |d 408192  |a https://core.palmknihy.cz/api/books/408192/cover?sheaan  |b https://core.palmknihy.cz/api/books/408192/cover/400?sheaan  |c https://core.palmknihy.cz/api/books/408192/cover/50?sheaan  |e 2028-08-23  |g 319  |i 9788024954578  |j https://core.palmknihy.cz/api/books/408192/preview.epub  |l   |q 49  |r 1  |s https://www.palmknihy.cz/kniha/408192  |t ebook  |y 2024  |z 0 
999 |d 312458